| 000 | nam a22 a 4500 | ||
|---|---|---|---|
| 999 |
_c326487 _d326487 |
||
| 003 | BLK | ||
| 005 | 20201007040520.0 | ||
| 008 | 181121b bu ||||| |||| 00| 0dbu d | ||
| 020 | _a9789542618171 | ||
| 040 | _aBLK | ||
| 041 |
_aBUL _cBUL |
||
| 080 |
_aБългарска литература _b821.163.2 _z821.163.2-1 |
||
| 100 | 1 |
_aИванова, Мирела Цветкова _eпърви автор _91299 |
|
| 139 |
_aИванова, Мирела Цветкова _bИ 22 |
||
| 245 | _aСедем: стихотворения с биографии | ||
| 260 |
_9209439 _aПловдив _bХермес _c2018 _fАлианс Принт _n978-954-26- |
||
| 300 |
_a80 с. _bс ил. _c20 см |
||
| 380 | _aX | ||
| 501 | _aИмето на авт. на предг., ил. отбелязано на гърба на загл. с. Биогр. данни за авт. отбелязани на гърба на кор. | ||
| 650 | 7 |
_9166642 _aПоезия |
|
| 653 | 7 |
_9197459 _aстихотворения |
|
| 653 | 7 |
_9181990 _aбиографии |
|
| 700 |
_9958 _aНовков, Митко Георгиев _eпослесл. |
||
| 700 |
_9363596 _aПраматаров, Веселин Костадинов _eхудож. |
||
| 700 |
_91631 _aЦветелина Белутова _eфотогр. |
||
| 852 | _aЦб 291808 | ||
| 942 |
_cKNG _n0 |
||
| 944 |
_aCR _c2018-11-21 _kКристиан Велковски _l2018-11-21 |
||
| 999 | _d326487 | ||
| 999 | _d326487 | ||